[Event "DEN-ch cand"]
[Site "Svendborg"]
[Date "2019.04.20"]
[Round "5"]
[White "Stolberg Rohr, Thomine"]
[Black "Nord, Michael"]
[Result "1/2-1/2"]
[WhiteElo "2039"]
[BlackElo "2066"]
[PlyCount "80"]
[EventDate "2019.04.16"]
[EventType "swiss"]
[EventRounds "7"]
[EventCountry "DEN"]
[SourceTitle "EXT 2020"]
[Source "ChessBase"]
[SourceDate "2019.10.17"]
[SourceVersion "1"]
[SourceVersionDate "2019.10.17"]
[SourceQuality "1"]

1. e4 e6 2. d4 d5 3. Nc3 Nc6 4. e5 f6 5. Bb5 Bd7 6. Nf3 Qe7 7. 0-0 Qf7 8. Re1 Nge7 9. b4 0-0-0 10. Bxc6 Nxc6 11. b5 Na5 12. Rb1 Nc4 13. Qe2 Qh5 14. Qd3 fxe5 15. dxe5 Be7 16. Be3 b6 17. Nxd5 exd5 18. Qxd5 Kb8 19. Qxc4 Qg6 20. Nd4 Kb7 21. e6 Be8 22. Nc6 Bxc6 23. Qxc6+ Kb8 24. Bf4 Rc8 25. Rbd1 Rhf8 26. Bg3 Rf5 27. Qd7 Qf6 28. Rd3 h5 29. h4 g5 30. Qd4 Qf8 31. Qe4 gxh4 32. Bh2 Rxf2 33. Rf3 Rxf3 34. Qxf3 Qh6 35. Bf4 Qg6 36. Qe4 Qg4 37. Qf3 Qg6 38. Qe4 Qg4 39. Be5 Qg5 40. Bf4 Qg4 1/2-1/2

[Event "DEN-ch G7-1"]
[Site "Svendborg"]
[Date "2018.03.31"]
[Round "5"]
[White "Nord, Michael"]
[Black "Kristensen, Peter"]
[Result "1-0"]
[WhiteElo "2042"]
[BlackElo "2010"]
[PlyCount "57"]
[EventDate "2018.03.27"]
[EventType "swiss"]
[EventRounds "7"]
[EventCountry "DEN"]
[SourceTitle "EXT 2019"]
[Source "ChessBase"]
[SourceDate "2018.10.10"]
[SourceVersion "1"]
[SourceVersionDate "2018.10.10"]
[SourceQuality "1"]

1. e4 e5 2. Nf3 Nc6 3. Bc4 Bc5 4. c3 Nf6 5. d3 a6 6. Bb3 d6 7. h3 h6 8. Nbd2 Ba7 9. Nf1 d5 10. Qe2 dxe4 11. dxe4 Qe7 12. g4 Be6 13. Ng3 g6 14. Be3 Bxe3 15. Qxe3 Na5 16. Bxe6 Qxe6 17. b3 0-0-0 18. 0-0 Nc6 19. Rfd1 Rxd1+ 20. Rxd1 h5 21. g5 h4 22. Ne2 Nh5 23. Kg2 Ng7 24. Nh2 Qe7 25. Ng4 Ne6 26. Nf6 Nb8 27. Rd5 Nxg5 28. Qxg5 Rh5 29. Qg4+ 1-0

[Event "Odense Fynsmesterskabet"]
[Site "Odense"]
[Date "2011.06.03"]
[Round "4"]
[White "Topholm, Morten"]
[Black "Nord, Michael"]
[Result "1-0"]
[WhiteElo "2159"]
[BlackElo "1974"]
[PlyCount "51"]
[EventDate "2011.06.01"]
[EventType "swiss"]
[EventRounds "9"]
[EventCountry "DEN"]
[SourceTitle "CBM 142 Extra"]
[Source "ChessBase"]
[SourceDate "2011.06.27"]
[SourceVersion "1"]
[SourceVersionDate "2011.06.27"]
[SourceQuality "1"]

1. e4 c5 2. g3 d5 3. exd5 Qxd5 4. Nf3 Bg4 5. Bg2 Qe6+ 6. Kf1 Bh3 7. b4 Bxg2+ 8. Kxg2 Qf6 9. d4 cxd4 10. Bb2 Qb6 11. a3 Nc6 12. Nbd2 e6 13. Nc4 Qc7 14. b5 Na5 15. Nxa5 Qxa5 16. Nxd4 Nf6 17. Re1 0-0-0 18. Qe2 Bd6 19. c4 Rhe8 20. c5 Bf8 21. b6 axb6 22. cxb6 Qxb6 23. Rac1+ Kb8 24. Nb5 Rc8 25. Bd4 Qa5 26. Qe5+ 1-0

[Event "Odense Fynsmesterskabet"]
[Site "Odense"]
[Date "2011.06.01"]
[Round "1"]
[White "Nord, Michael"]
[Black "Rewitz, Poul"]
[Result "0-1"]
[WhiteElo "1974"]
[BlackElo "2289"]
[PlyCount "118"]
[EventDate "2011.06.01"]
[EventType "swiss"]
[EventRounds "9"]
[EventCountry "DEN"]
[SourceTitle "CBM 142 Extra"]
[Source "ChessBase"]
[SourceDate "2011.06.27"]
[SourceVersion "1"]
[SourceVersionDate "2011.06.27"]
[SourceQuality "1"]

1. e4 c6 2. d4 d5 3. e5 Bf5 4. Nf3 e6 5. Be2 c5 6. Be3 Qb6 7. Nc3 Qxb2 8. Qb1 Qb4 9. a3 Qxb1+ 10. Rxb1 c4 11. Rxb7 Nd7 12. Nb5 Rb8 13. Rxb8+ Nxb8 14. Kd2 a6 15. Nd6+ Bxd6 16. exd6 Nf6 17. Rb1 Ne4+ 18. Ke1 0-0 19. Nh4 Nc3 20. Rb2 Na4 21. Ra2 Be4 22. f3 Bg6 23. Nxg6 hxg6 24. Ra1 Nd7 25. Rb1 Rb8 26. Rxb8+ Nxb8 27. Kd2 Kf8 28. c3 Ke8 29. Bd1 Nb6 30. Bc2 Kd7 31. h4 Nc6 32. Bf4 Na7 33. a4 a5 34. g4 Nac8 35. Be5 f6 36. Bf4 Nxd6 37. Bxd6 Kxd6 38. g5 Ke7 39. f4 Kf7 40. Ke3 Nc8 41. Kf3 Ne7 42. Kg3 Nc6 43. Kf3 e5 44. fxe5 fxe5 45. dxe5 d4 46. Be4 dxc3 47. Ke2 Nd4+ 48. Kd1 Ke6 49. Bxg6 Nf3 50. h5 Nxg5 51. Kc2 Kxe5 52. Kxc3 Kd5 53. Bf5 Kc5 54. Bg6 Kd5 55. Bf5 Nf7 56. Bh7 Nd6 57. Bg6 Ke5 58. Bh7 Nc8 59. Bg8 Nb6 0-1